Japan's Managed Globalization: Adapting to the Twenty-first Century (Record no. 1319271)

MARC details
000 -LEADER
fixed length control field 00686nam a2200229Ia 4500
005 - DATE AND TIME OF LATEST TRANSACTION
control field 20250507130351.0
008 - FIXED-LENGTH DATA ELEMENTS--GENERAL INFORMATION
fixed length control field 008 250505s9999 xx 000 0 eng d
020 ## - INTERNATIONAL STANDARD BOOK NUMBER
International Standard Book Number 0-7656-0952-5
037 ## - SOURCE OF ACQUISITION
Stock number Annuals, Advances
040 ## - CATALOGING SOURCE
Original cataloging agency EASL
Language of cataloging eng
Transcribing agency EASL
041 ## - LANGUAGE CODE
Language code of text/sound track or separate title eng
Source of code eng
084 ## - COLON CLASSIFICATION NUMBER
Classification number X.42.N89, P3
Assigning agency EASL
100 ## - MAIN ENTRY--PERSONAL NAME
Personal name Schaede Ulrike Ed.
9 (RLIN) 665369
245 #0 - TITLE STATEMENT
Title Japan's Managed Globalization: Adapting to the Twenty-first Century
260 ## - PUBLICATION, DISTRIBUTION, ETC.
Place of publication, distribution, etc. USA
Name of publisher, distributor, etc. Armonk An East Gate Book
Date of publication, distribution, etc. 2003
300 ## - PHYSICAL DESCRIPTION
Extent xiii,263p.
365 ## - TRADE PRICE
Price type code
Price amount 36.95
650 ## - SUBJECT ADDED ENTRY--TOPICAL TERM
Topical term or geographic name entry element JEL
700 ## - ADDED ENTRY--PERSONAL NAME
Personal name Grimes William Ed.
9 (RLIN) 665370
942 ## - ADDED ENTRY ELEMENTS (KOHA)
Koha item type Textual
Classification part X.42.N89, P3

No items available.

Copyright @ Delhi University Library System